SAKLI ÖYKÜLER (Kayıt no. 1156609)

MARC ayrıntıları
000 -LEADER
sabit uzunluktaki kontrol alanı 00237nam a2200097Ia 4500
001 - KONTROL NUMARASI
kontrol alanı 1156609
005 - EN SON İŞLEMİN TARİH VE ZAMANI
kontrol alanı 20250827011226.0
008 - SABİT-UZUNLUKTA VERİ ÖĞELERİ--GENEL BİLGİ
sabit uzunluktaki kontrol alanı 250824s9999 xx 000 0 und d
245 #0 - ESER / YAZAR
ESER ADI SAKLI ÖYKÜLER
Yazar Adı ZEKİ BULDUK
260 ## - YAYIN, DAĞITIM, VB.
YAYIN EVİ MUHİT KİTAP
Mevcut
Düşüm durumu Kayıp durumu Hasar Durumu Ödünç verilmez Ana kütüphane Geçerli Kütüphane Edinilen tarih Toplam ödünç verme sayısı Barkod Son görüntüleme tarihi Fiyatın geçerli olmaya başladığı tarih Koha materyal türü
        YUKARI PINARBAŞI İLK VE ORTAOKULU YUKARI PINARBAŞI İLK VE ORTAOKULU 24.08.2025   10694969 27.08.2025 27.08.2025 Kitaplar
Gemini Bilgi Teknolojileri A.Ş. tarafından düzenlenmiştir.